000
00247nam a2200109Ia 4500
008
240625s9999 xx 000 0 und d
041
_a
eng
082
_a
428.422 STE
100
_a
STEMPLESKI SUSAN
245
_a
WORLD LINK CD BOOK 1
260
_c
2005
999
_c
34137
_d
34137